Động vật có biết suy nghĩ không?

Uloženo v:
Podrobná bibliografie
Hlavní autor: Akot Aroli
Médium: Kniha
Jazyk:Undetermined
Vydáno: Hà Nội KHKT 1972
Témata:
Tagy: Přidat tag
Žádné tagy, Buďte první, kdo otaguje tento záznam!
Thư viện lưu trữ: Trung tâm Học liệu Trường Đại học Cần Thơ
LEADER 00511nam a2200181Ia 4500
001 CTU_8929
008 210402s9999 xx 000 0 und d
082 |a 591 
082 |b K39 
100 |a Akot Aroli 
245 0 |a Động vật có biết suy nghĩ không? 
245 0 |c Akot Aroli; Dịch giả: Trần Tiến Đức 
260 |a Hà Nội 
260 |b KHKT 
260 |c 1972 
650 |a zoology 
904 |i Minh, 960923 
980 |a Trung tâm Học liệu Trường Đại học Cần Thơ